000 00528nam a2200181 a 4500
001 000047992
005 20201002060842.0
008 181010s1994 dr r 000 0 spa d
040 _aDO-SdBNP
_bspa
_cBNPHU
082 _axxxx
_bP896i
100 1 _aPrado Flores, José H.
_910971
245 1 0 _aId y evangelizad a los bautizados /
_cJosé H. Prado Flores.
250 _a2a ed.
260 _aSanto Domingo :
_bMSC,
_c1994.
300 _a119 p. ;
_c22 cm.
504 _aBibliografía : p. 117-119
590 _aInventariado, 2018/BT
999 _c47480
_d47480